[Event "Olympiad-44"]
[Site "Chennai"]
[Date "2022.08.08"]
[Round "10.4"]
[White "Ibrahim, Alwahsh"]
[Black "Sulaiman, Ahmad Ashrafi"]
[Result "1/2-1/2"]
[WhiteElo "2058"]
[BlackElo "1953"]
[PlyCount "86"]
[EventDate "2022.07.29"]
[EventType "team-swiss"]
[EventRounds "11"]
[EventCountry "IND"]
[SourceTitle "CBM 210"]
[Source "ChessBase"]
[SourceDate "2022.10.31"]
[SourceVersion "1"]
[SourceVersionDate "2022.10.31"]
[SourceQuality "1"]
[WhiteTeam "Jordan"]
[BlackTeam "Afghanistan"]
[WhiteTeamCountry "JOR"]
[BlackTeamCountry "AFG"]

1. Nf3 d5 2. g3 Nf6 3. Bg2 c6 4. 0-0 Bf5 5. b3 h6 6. Bb2 e6 7. d3 Nbd7 8. Nbd2 Be7 9. e4 dxe4 10. dxe4 Bh7 11. Qe2 0-0 12. Kh1 Qc7 13. Nh4 Ne8 14. f4 Bf6 15. e5 Be7 16. Ne4 Nc5 17. Nxc5 Bxc5 18. f5 exf5 19. Nxf5 Bxf5 20. Rxf5 Qe7 21. Raf1 Nc7 22. Qc4 Rad8 23. h4 Nd5 24. Bd4 Bxd4 25. Qxd4 b6 26. R1f2 c5 27. Qe4 b5 28. a3 a5 29. Bf1 Nc3 30. Qe1 b4 31. axb4 axb4 32. Bd3 Rd5 33. e6 Rxf5 34. Bxf5 Kh8 35. Bd3 fxe6 36. Rxf8+ Qxf8 37. Qxe6 Nd1 38. Bf5 Ne3 39. Be4 Qf1+ 40. Kh2 Qf2+ 41. Kh3 Qf1+ 42. Kh2 Qf2+ 43. Kh3 Qf1+ 1/2-1/2

[Event "Olympiad-44"]
[Site "Chennai"]
[Date "2022.08.01"]
[Round "4.3"]
[White "Njoroge, Martin"]
[Black "Ibrahim, Alwahsh"]
[Result "1-0"]
[WhiteElo "1973"]
[BlackElo "2058"]
[PlyCount "108"]
[EventDate "2022.07.29"]
[EventType "team-swiss"]
[EventRounds "11"]
[EventCountry "IND"]
[SourceTitle "CBM 210"]
[Source "ChessBase"]
[SourceDate "2022.10.31"]
[SourceVersion "1"]
[SourceVersionDate "2022.10.31"]
[SourceQuality "1"]
[WhiteTeam "Kenya"]
[BlackTeam "Jordan"]
[WhiteTeamCountry "KEN"]
[BlackTeamCountry "JOR"]

1. d4 Nf6 2. Bf4 g6 3. Nc3 d5 4. e3 Bg7 5. h4 h6 6. Nf3 0-0 7. Ne5 Nbd7 8. Bd3 a6 9. h5 g5 10. Bxg5 Nxe5 11. dxe5 Ng4 12. Bf4 c6 13. Qf3 Nxe5 14. Qg3 Nxd3+ 15. cxd3 Kh7 16. Bc7 Qe8 17. d4 Rg8 18. Qh2 b5 19. f3 a5 20. g4 Kh8 21. 0-0-0 a4 22. Ne2 b4 23. Be5 f6 24. Nf4 fxe5 25. Ng6+ Kh7 26. Qc2 e4 27. fxe4 b3 28. axb3 axb3 29. Qb1 Rf8 30. Nxf8+ Bxf8 31. exd5+ Kh8 32. Qe4 cxd5 33. Qxd5 Qa4 34. Rhf1 Qa1+ 35. Kd2 Qxb2+ 36. Ke1 Qc3+ 37. Kf2 Ra2+ 38. Kg3 Qc7+ 39. Qe5+ Qxe5+ 40. dxe5 Kg7 41. Rd8 Ba6 42. Rfxf8 Bc4 43. Rf2 Ra5 44. Rc8 Bg8 45. Kf4 Rb5 46. Rb2 Rb4+ 47. Kf3 Be6 48. Rc7 Bxg4+ 49. Kg3 Bxh5 50. Rxe7+ Kg6 51. Rf2 Kg5 52. Rf4 Rb6 53. Rg7+ Bg6 54. e4 b2 1-0